Forest resilience, biodiversity, and climate change: (Registro nro. 7149)

Detalles MARC
000 -CABECERA
Campo de control 01073nam a2200301 a 4500
005 - FECHA Y HORA DE LA ULTIMA TRANSACCION
Campo de control 20180803165429.0
008 - ELEMENTOS DE LONGITUD FIJA—INFORMACION GENERAL
Campo de control 160311b2009 -cnad gr|||| 00| 0 eng d
020 ## - ISBN
ISBN 9292251376
040 ## - FUENTE DE CATALOGACIÓN
Agencia catalogadora original CO-BoIAVH
Agencia transcriptora CO-BoIAVH
041 0# - IDIOMA
Código de idioma para texto/pista de sonido o título separado Inglés
044 ## - PAÍS DE PUBLICACIÓN
País de publicación Colombia
082 04 - NUMERO DE CLASIFICACION DECIMAL DEWEY
Número de clasificación 333.75
Número del ítem T46f
100 1# - ASIENTO PRINCIPAL--NOMBRE PERSONAL
Nombre personal Thompson, Ian
9 (RLIN) 64007
245 10 - MENCION DE TITULO
Título Forest resilience, biodiversity, and climate change:
Parte restante del título a synthesis of the biodiversity/Resilience/Stability relationship in forest ecosystems
260 ## - PUBLICACION, DISTRIBUCION, ETC. (PIE DE IMPRENTA)
Lugar de publicación, distribución, etc. Montreal :
Nombre del editor, distribuidor, etc. Secretariat of the Convention on Biological Diversity,
Fecha de publicación, distribución, etc. 2009.
300 ## - DESCRIPCION FISICA
Extensión 66 páginas :
Otros detalles físicos ilustraciones y tablas ;
Dimensiones 28 x 22 centímetros
490 0# - MENCION DE SERIE
Mención de serie CBD Technical Series ;
Designación numérica/secuencial del volumen 43
650 #6 - ASIENTO SECUNDARIO DE MATERIA - TERMINO TEMATICO
Término temático o nombre geográfico como elemento de entrada Cambio climático
9 (RLIN) 87134
650 #4 - ASIENTO SECUNDARIO DE MATERIA - TERMINO TEMATICO
Término temático o nombre geográfico como elemento de entrada Diversidad genética
9 (RLIN) 2003
650 #6 - ASIENTO SECUNDARIO DE MATERIA - TERMINO TEMATICO
Término temático o nombre geográfico como elemento de entrada Resiliencia forestal
9 (RLIN) 64009
650 #6 - ASIENTO SECUNDARIO DE MATERIA - TERMINO TEMATICO
Término temático o nombre geográfico como elemento de entrada Bosques
9 (RLIN) 92270
650 #6 - ASIENTO SECUNDARIO DE MATERIA - TERMINO TEMATICO
Término temático o nombre geográfico como elemento de entrada Biomasa
9 (RLIN) 87136
650 #6 - ASIENTO SECUNDARIO DE MATERIA - TERMINO TEMATICO
Término temático o nombre geográfico como elemento de entrada Ecosistemas forestales
9 (RLIN) 87137
700 1# - ASIENTO SECUNDARIO - NOMBRE PERSONAL
Nombre personal Mackey, Brendan
Término de relación autor
9 (RLIN) 64013
700 1# - ASIENTO SECUNDARIO - NOMBRE PERSONAL
Nombre personal McNulty, Steven
Término de relación autor
9 (RLIN) 64014
700 1# - ASIENTO SECUNDARIO - NOMBRE PERSONAL
Nombre personal Mosseler, Alex
Término de relación autor
9 (RLIN) 64015
942 ## - ELEMENTOS ADICIONALES (KOHA)
Tipo de ítem Libro
Sistema de clasificación Dewey Decimal Classification
Existencias
Withdrawn status Lost status Sistema de Clasificación Damaged status No para préstamo Colección Inventariado Ubicación Permanente Ubicación actual Fecha de adquisición Fuente de Valor Valor Total Checkouts Número topográfico Inventario / Código de Barras Date last seen Ejemplar Price effective from Forma de adquisición Tipo de material
    Dewey Decimal Classification     General Inventariado 2017 Bogotá Bogotá 06/11/2009 Instituto 39000.00   LB-333.75 T46f 034559 04/12/2012 Ej.1 04/12/2012 Donación Libro
    Dewey Decimal Classification     General   Sala Fabio Quevedo Sala Fabio Quevedo 23/11/2017       LB-333.75 T46f 058087 23/11/2017 Ej. 2 23/11/2017 Donación Libro